Logo BPK

Biblioteka

Politechniki Koszalińskiej

Multimedia with QuickTime : (Rekord nr 30928)

Szczegóły MARC
000 -ETYKIETA REKORDU
podpole kontrolne o stałej długości 00587nam a2200217 i 4500
001 - NUMER KONTROLNY REKORDU
pole kontrolne bg
020 ## - MIĘDZYNARODOWY ZNORMALIZOWANY NUMER KSIĄŻKI - ISBN
ISBN 0125747500
040 ## - ŹRÓDŁO KATALOGOWANIA
Instytucja, która utworzyła rekord BPK
041 0# - KOD JĘZYKA
Kod języka tekstu en
080 ## - UNIWERSALNA KLASYFIKACJA DZIESIĘTNA - UKD
UKD 004
920 ## - Międzynarodowy znormalizowany numer książki – ISBN
ISBN 0-12-574750-0
008 - POLE O STAŁEJ DŁUGOŚCI - DANE KONTROLNE
podpole kontrolne o stałej długości s pl f |000 0 pol
100 1# - NAZWA OSOBOWA
Nazwa osobowa RADECKI, Steven
245 #0 - TYTUŁ/ODPOWIEDZIALNOŚĆ
Tytuł Multimedia with QuickTime :
Ciąg dalszy tytułu a practical quide to creating applications /
Pozostałe elementy strefy tytułu i oznaczenia odpowiedzialności Steven Radecki.
260 ## - STREFA ADRESU WYDAWNICZEGO
Miejsce wydania Boston :
Nazwa wydawcy/dystrybutora AP Professional,
Data publikacji, dystrybucji/powstania dokumentu 1994.
300 ## - STREFA OPISU FIZYCZNEGO
Objętość 266 s. :
Inne cechy fizyczne rys. ;
Rozmiary 25 cm.
504 ## - UWAGA DOTYCZĄCA BIBLIOGRAFII
Informacje o bibliografii Bibliogr. s. 253-256. Indeks.
650 #9 - HASŁO PRZEDMIOTOWE W FORMIE NAZWY OGÓLNEJ LUB JEDNOSTKOWEJ
Nazwa ogólna lub geograficzna Multimedia
655 ## - TERMIN INDEKSOWY - OKREŚLENIE RODZAJU/FORMY DOKUMENTU
Określenie rodzaju/formy dokumentu Poradniki
856 ## - LOKALIZACJA I DOSTĘP DO ELEKTRONICZNYCH DOKUMENTÓW ZDALNYCH
Link (URL) http://koha.tu.koszalin.pl/cgi-bin/koha/opac-detail.pl?biblionumber=30928
Tekst linku Katalog online BPK
942 ## - DODATKOWE ELEMENTY (KOHA)
Typ dokumentu Książka
Egzemplarze
Wycofany Status egzemplarza Uszkodzony Dostępność Lokalizacja stała Lokalizacja bieżąca Miejsce przechowywania Sygnatura Kod kreskowy Typ dokumentu
      Dostępny Biblioteka Politechniki Koszalińskiej Biblioteka Politechniki Koszalińskiej Wypożyczalnia BG 37891 01238105 Książka
© 2023 Biblioteka Politechniki Koszalińskiej :: KOHA